000 00390nam a22001697a 4500
003 MPLRDC
005 20220104143627.0
008 210129b ||||| |||| 00| 0 eng d
082 _a868.7 PZF
100 _a彭质斐 编著
245 _a广播生涯卅年
_c
250 _a再版
260 _a
_b永年太极拳学会
_c1996
300 _b
650 _a
942 _cBK
_o868.7 PZF
999 _c41763
_d41753